=LDR 00000nam 2200000 4500 =001 INLIS000000000048406 =005 20201014070857 =035 ##$$a 0010-101600000000164 =008 201014################g##########0#ind## =020 ##$$a 978-979-8179-62-4 =040 ##$$a NBPDMAT =082 ##$$a 321.8 =090 ##$$a 321.8$Yud b =100 ##$$a Chrisnandi, Yuddi =245 1#$$a Beyond Parlemen : $b Dari politik kampus hingga suksesi kepemimpinan Nasional /$c DR. Yuddy Chrisnandi =250 ##$$a Cet. 2 =260 ##$$a Jakarta :$b Ind Hill Co,$c 2008 =300 ##$$a xii, 372 hlm, ; $c 15 x 21 cm =500 ##$$a Bibliografi hlm. : 369 - 372 =650 #4$$a Pemerintahan Demokratis =850 ##$$a NBPDMAT =084 ##$$a 321.8 CHR b =990 ##$$a 31600215 =990 ##$$a 21400351/BPAP-NTB/2014 =990 ##$$a 31600215 =990 ##$$a 31200381 =990 ##$$a 31600215